| 000 | 00538nam a22001937a 4500 | ||
|---|---|---|---|
| 003 | OSt | ||
| 005 | 20140310181718.0 | ||
| 008 | 130221t xxu||||| |||| 00| 0 eng d | ||
| 020 | _a9788178843162 | ||
| 050 |
_aBD 31 _b.G411 2008 |
||
| 245 |
_aPhilosophy: thinkers and thoughts/living issues in philosophy. _cNaresh Ghai |
||
| 260 |
_a (N.D. :) _b Cyber Tech Publications, _c2008 |
||
| 300 |
_a303 p. _c22.3 cm. |
||
| 521 | _acollege students | ||
| 526 | _c1210L-1700L | ||
| 541 | _j1 | ||
| 562 | _e1 | ||
| 942 |
_2lcc _cBK _kSL-GEd |
||
| 999 |
_c1872 _d1872 |
||